[Event "FRA-chT3 Gr5 0203"]
[Site "France"]
[Date "2002.11.16"]
[Round "2"]
[White "Bouet, Elise"]
[Black "Pereira, Chloe"]
[Result "1-0"]
[WhiteElo "1690"]
[BlackElo "1270"]
[PlyCount "37"]
[EventDate "2002.12.09"]
[EventType "team"]
[EventRounds "9"]
[EventCountry "FRA"]
[SourceTitle "EXT 2004"]
[Source "ChessBase"]
[SourceDate "2003.11.25"]
[SourceVersion "1"]
[SourceVersionDate "2003.11.25"]
[SourceQuality "1"]

1. e4 c5 2. Nf3 e6 3. d4 Nc6 4. c3 Nf6 5. Bb5 b6 6. 0-0 a6 7. Ba4 Qc7 8. d5 Nd8 9. Re1 b5 10. Bc2 d6 11. e5 Nxd5 12. Qxd5 exd5 13. exd6+ Qe7 14. dxe7 Bxe7 15. Be3 Ne6 16. Ng5 d4 17. Nxe6 fxe6 18. cxd4 cxd4 19. Bxd4 1-0